000 00460nam a22001697a 4500
005 20260131182124.0
008 260131b |||||||| |||| 00| 0 eng d
020 _a97807623
_qpbk
082 _a305.5072
_bLEI.20
100 _aT Leicht,Kevin
245 _aResearch in Social Stratification and Mobility
260 _aJAI Press Inc.
_b‎ 3 December 2003
_cAmerica
300 _a421 p.
504 _aBiblio
650 _a Kevin T Leicht
942 _cENGLISH
999 _c609639
_d609639